000 00612nam a2200253Ia 4500
005 20260306154034.0
008 008 260114s9999 xx 000 0 eng d
020 _a9781139084444
037 _aEBOOK
040 _aCRL
040 _beng
040 _cCRL
041 _2eng
041 _aeng
084 _qCRL
100 _aDunning
245 0 _aNatural Experiments in the Social Sciences 1st ed
260 _bCambridge University Press
260 _c2012
650 _aPolitical Science
856 _uhttps://doi.org/10.1017/CBO9781139084444
942 _cEBOOK
999 _c1705910
_d1705910